UBT Library

Human geography of the South; (Record no. 40388)

000 -LEADER
fixed length control field 00524cam a2200205u 4500
001 - CONTROL NUMBER
control field 8299278
005 - DATE AND TIME OF LATEST TRANSACTION
control field 20180117032642.0
008 - FIXED-LENGTH DATA ELEMENTS--GENERAL INFORMATION
fixed length control field 821001s1935 ncuab 000 0 eng
010 ## - LIBRARY OF CONGRESS CONTROL NUMBER
LC control number agr36000577
040 ## - CATALOGING SOURCE
Original cataloging agency DLC
Transcribing agency CarP
Modifying agency DLC
041 ## - LANGUAGE CODE
Language code of text/sound track or separate title eng
043 ## - GEOGRAPHIC AREA CODE
Geographic area code n-usu--
080 ## - UNIVERSAL DECIMAL CLASSIFICATION NUMBER
Universal Decimal Classification number 910
082 ## - DEWEY DECIMAL CLASSIFICATION NUMBER
Edition number 910 VAN
100 1# - Rafti
Rafti 42
101 ## - Shkurtesa
Shkurtesa GJEO
245 10 - TITLE STATEMENT
Title Human geography of the South;
906 ## - LOCAL DATA ELEMENT F, LDF (RLIN)
a 0
b cbc
c premunv
d u
e ncip
f 19
g y-gencatlg
942 ## - ADDED ENTRY ELEMENTS (KOHA)
Source of classification or shelving scheme
Item type Books
Holdings
Withdrawn status Lost status Source of classification or shelving scheme Damaged status Not for loan Collection code Permanent location Current location Shelving location Date acquired Total Checkouts Full call number Barcode Date last seen Price effective from Koha item type
          Koleksioni i përgjithshem UBT - Lipjan UBT - Lipjan Koleksioni i përgjithshem 01/17/2018   910 VAN 002-2995692 01/17/2018 01/17/2018 Books
UBT Library © 2015-2024. All rights reserved University Education for Business and Technology